| 000 | 00602nam a22001937a 4500 | ||
|---|---|---|---|
| 005 | 20180824153435.0 | ||
| 010 | _aENG-123860 | ||
| 020 |
_a9789380336046 _c200.00 |
||
| 035 | _aEN-107392 | ||
| 037 | _bDBAD/PUB. | ||
| 082 | _a954.52 | ||
| 100 | _aSen, Ranjit | ||
| 245 |
_aProperty aristocracy & the raj / _cby Ranjit Sen |
||
| 260 |
_aKolkata _bMaha Bodhi Book Agency _c2010 |
||
| 270 |
_a4-A, Bankim Chatterjee Street, _bKolkata _e700073 |
||
| 300 | v |
_axx,150p. _c22cm(Hb) |
|
| 500 | _aIt includes conclusion, appendix, bibliography and index | ||
| 942 |
_2ddc _cEN _mSEN _h954.52 |
||
| 999 |
_c156292 _d156292 |
||